| 000 | 00488nam a2200181Ia 4500 | ||
|---|---|---|---|
| 003 | GCL | ||
| 008 | 140319s9999 xx 000 0 ara d | ||
| 040 |
_aGCL / _cGCL |
||
| 082 | 0 | 4 |
_a823 _bل ن |
| 100 | 1 | _aلندن، جاك | |
| 245 | 1 | 0 |
_aالناب الابيض / _cلندن، جاك |
| 700 | 1 | _aعبدالمنعم صادق | |
| 300 | _a163 ص | ||
| 490 | _a | ||
| 650 | 0 | 4 | _aالادب الانجليزى المترجم |
| 650 | 0 | 4 | _aالقصة المترجمة |
| 942 |
_2ddc _cBK |
||
| 999 |
_c38595 _d38595 |
||